Turismo y trabajo : interrelación entre causas y efectos /

Análisis del complejo fenómeno del turismo y, en particular, de la relación de éste con el trabajo, desde el punto de vista del derecho laboral en España.

Guardado en:
Detalles Bibliográficos
Autor principal: Zalvide Bassadone, Alejandro (autor)
Formato: Libro
Idioma:Español
Publicado: Huelva, España : Universidad de Huelva, 2018, c2018
Temas:
Etiquetas: Agrega una etiqueta
Sin etiquetas, Sé el primero en etiquetar este registro!

MARC

LEADER 00000nam^a2200000^a^4500
001 000415031
005 20250521000000.0
009 20260310122248.726
022 |a 9788417288358 
037 |a Acervo ITESO - Biblioteca 
041 |a ESP 
082 |a 910. 10218  |b ZAL 
100 |a Zalvide Bassadone, Alejandro  |e (autor) 
245 1 0 |a Turismo y trabajo :  |b interrelación entre causas y efectos /  |c a. Zalvide Bassadone. 
264 4 |a Huelva, España :  |b Universidad de Huelva,  |c 2018, c2018 
300 |a 333 p. 
336 |a texto  |b txt  |2 rdacontenido 
337 |a sin mediación  |b n  |2 rdamedio 
338 |a volumen  |b nc  |2 rdasoporte 
520 |a Análisis del complejo fenómeno del turismo y, en particular, de la relación de éste con el trabajo, desde el punto de vista del derecho laboral en España. 
521 |a FIL 2019 EEnlace Centro Universidad Empresa 
649 |a XX 
650 |a Trabajo -  |z España -  |x Aspectos Jurídicos 
650 |a Turismo -  |z España -  |x Aspectos Jurídicos -  |x Tema Principal 
650 |a Turismo -  |x Aspectos Económicos 
650 |a Economía Laboral 
650 |a España -  |x Condiciones Económicas 
650 |a España -  |x Condiciones Jurídicas 
910 |a Fondo General 
920 |a Impresos - Libros 
930 |a Colección General 
905 |a 101 
901 |a 0500324672  |b IT1  |c ACC  |i C167958  |u 20250521 
902 |a https://opac.biblio.iteso.mx/vufind/Record/000415031